Регионална библиотека "Любен Каравелов" - Русе

Приключения в Ябълкания (Запис номер 149052)

MARC детайли
000 -Лидер
Контролно поле с фиксирана дължина 01566nam a2200361 c 4500
003 - Код на организацията, давaща контролен номер
Контролно поле BLK
005 - Дата и час на последна редакция
Контролно поле 20180420233740.0
008 - Елементи от данни с фиксирана дължина
fixed length control field 180410b bul|||||r ||||||| ||bul||
010 ## - Наследен системен номер
LC control number KNG00155290000
040 ## - Източник на каталожния запис
Идентификатор на билиотеката - собственик на записа BLK
041 ## - Код за език
Код за езика на текст/звукозапис или на отделно заглавие Български
Код за езика КДБФ Български
080 ## - УДК
Текстов определител УДК Семкови плодови растения - Ябълка, круша, дюля, мушмула и др.
УДК код - определител по УДК 634.10
УДК определител (02.053.2)
УДК - код + определител 634.10(02.053.2)
100 1# - Редна дума - Автор
Автор Вернер, Нилс
Авторска отговорност първи автор
R(LIN) 330272
139 ## - Редно поле
Редна дума Вернер, Нилс
Авторски знак Верн - В 50
245 10 - Сведения за заглавието
Заглавие Приключения в Ябълкания
Подзаглавни данни Науч.-худож. кн. за 6-9 год. възраст
Редно поле (дума) Нилс Вернер; прев. от нем. Възкресия Недевска; ил. Регине Грубе-Хайнеке.
257 ## - Страна на издаване
Страна на създаване/издаване Германия
260 ## - Област на издателските данни
-- София
Име на издателя, разпространителя и проч. Отечество
Година на издаване 1982
300 ## - Физическа характеристика
Страници 47 с.
Илюстрации и др. с цв. ил.
Размери/Мащаб 33 см
380 ## - Жанр
Жанр Детска отраслова лит.
500 ## - Общи забележки
Забележка Ориг. загл. Abenteuer im Havelland / Nils Werner. - Офс. изд. - 40 115 тир.
650 #4 - Допълнително описание по предмет – тема
Основно описание – тема или топоним Ябълки
9 (RLIN) 178022
653 ## - Ключова дума – ненормативна
Ключова дума ябълки
653 ## - Ключова дума – ненормативна
Ключова дума плодове
653 ## - Ключова дума – ненормативна
Ключова дума детска литература
653 ## - Ключова дума – ненормативна
Ключова дума литература за деца
700 1# - Други автори (авторска отговорност)
Лично име Недевска, Възкресия
Автороска отговорност (Описва отношението между автора и произведението) прев. от нем.
9 (RLIN) 330273
700 1# - Други автори (авторска отговорност)
Лично име Грубе-Хайнеке, Регине
Автороска отговорност (Описва отношението между автора и произведението) ил.
9 (RLIN) 56722
852 ## - Местоположение
Форматна сигнатура Цб ІІ 19696
856 4# - Електронен адрес и достъп
Електронен формат pdf - файл
Път до файла /url/
856 4# - Електронен адрес и достъп
Електронен формат pdf - файл
Път до файла /url/
942 ## - АРТИКУЛИ
Вид на библиотечния материал Книги
Скрит в OPAC Не
944 ## - СЪЗДАВАНЕ И РЕДАКЦИЯ на ЗАПИСА
Създаване/Редакция Създаване
Дата на регистрацията/редакция 06.01.2014
Статус, дата на статуса ф / 06.01.2014
Служител, извършил регистрацията/редакцията Митко_Георгиев
944 ## - СЪЗДАВАНЕ И РЕДАКЦИЯ на ЗАПИСА
Създаване/Редакция Редакция
Дата на регистрацията/редакция 21.08.2015
Статус, дата на статуса ф / 06.01.2014
Служител, извършил регистрацията/редакцията Людмила_Стоянова
999 ## - СИСТЕМНИ КОНТРОЛНИ НОМЕРА
Koha biblionumber 149052
Koha biblioitemnumber 149052
Наличности
Код за отписване Код за изгубен артикул Източник на класификационната схема Код за повреда Коз за рестрикции Код за отдаване Артикулен № Име на библиотеката - собственик Име на библиотеката, в която се намира в момента Статус (Текущо местоположение) Дата на вписване в системата Местоположение - отдел Цена в лева Инвентарен номер Систематично азбучна сигнатура Баркод Номер на екземпляра Цена в евро Служебна бележка Служебен тип на артикула
  Не е изгубен Universal Decimal Classification Не е повреден само за читалня ползва се в читалня 248606 Регионална библиотека "Любен Каравелов" Русе Регионална библиотека "Любен Каравелов" Русе Хранилище 1982-01-01 Хранилище 0.52 369696 Цб ІІ 19696 120000369696 1 0.27 Дост: Dp Вид: Д N: стар фонд Дата: 01.01.1982 Книги
Изтеглен Не е изгубен Universal Decimal Classification Не е повреден без рестрикции заемане за дома 248607 Регионална библиотека "Любен Каравелов" Русе Регионална библиотека "Любен Каравелов" Русе Детски отдел 1982-01-01 Детски отдел 0.52 369202 ДН 633/635/В 50 369202 2 0.27 Дост: Pk Вид: Ф N: стар фонд Дата: 01.01.1982 Дата инв: 02.10.2015 Бележки инв: Д2015 Книги
Изтеглен Не е изгубен Universal Decimal Classification Не е повреден без рестрикции заемане за дома 248608 Регионална библиотека "Любен Каравелов" Русе Регионална библиотека "Любен Каравелов" Русе Детски отдел 1982-01-01 Детски отдел 0.52 369204 ДН 633/635/В 50 369204 3 0.27 Дост: Pk Вид: Ф N: стар фонд Дата: 01.01.1982 Дата инв: 19.08.2015 Бележки инв: Д2015 Книги
Изтеглен Не е изгубен Universal Decimal Classification Не е повреден без рестрикции заемане за дома 248609 Регионална библиотека "Любен Каравелов" Русе Регионална библиотека "Любен Каравелов" Русе Детски отдел 1982-01-01 Детски отдел 1.35 633398 ДН 633/635/В 50 633398 4 0.69 Дост: DA Вид: А N: стар фонд Дата: 01.01.1982 Дата инв: 21.08.2015 Бележки инв: Д2015 Книги
Vip Innovations Ltd, Rousse, Bulgaria 2025